000 00575nam a2200169 a 4500
001 000041011
005 20201002034541.0
008 130913s2006 sp 001 0 eng d
020 _a8400084217
040 _aDO-SdBNP
_bspa
_cBNPHU
082 _axxxxx
_bxxxxx
245 0 0 _aHeritage, Weathering and Conservation :
_bbook of abstracts international conference, Madrid, 21-24 june 2006 /
_ceditor Rafael Fort...[et al.].
260 _aMadrid, :
_bCSIC,
_c2006.
300 _axxii, 228 p. ;
_c24 cm.
500 _aIncluye índice de autores
700 1 _aFort, Rafael,
_eed.
_967467
999 _c40501
_d40501